Les 20 villes françaises avec les étés les plus ensoleillées - Statistiques

Statistiques générales
  • Ce quiz a été pris 155 fois
  • Le résultat moyen est 10 sur 20
Statistiques - réponses
Position Heures de soleil Réponse % Correct
1 1029.9 Marignane
98%
4 969.4 Nice
98%
7 950.1 Montpellier
88%
9 834.5 Perpignan
82%
3 993.6 Le Luc
80%
6 953.7 Nîmes
67%
2 1010.4 Carpentras
65%
13 790 Lyon
59%
12 800.7 Grenoble
51%
14 775.5 Carcassonne
40%
10 824.7 Embrun
37%
16 764 Saint Etienne
36%
5 956 Saint-Auban
30%
15 771.2 Albi
24%
11 819 Millau
24%
8 916.4 Montélimar
22%
18 754.4 Montauban
18%
19 754.1 Gourdon
15%
17 758.9 Aurillac
11%
20 738.7 Brive
7%
Aucun quiz correspondant
Distribution des résultats
% des personnes avec chaque résultat
Percentile par nombre de réponses
Votre historique - résultats
Vous n’avez pas pris ce quiz